|
|
|
|
| LEADER |
00000nlm0a2200000 4500 |
| 001 |
173499 |
| 005 |
20231101223114.0 |
| 035 |
|
|
|a (RuTPU)RU\TPU\book\188180
|
| 090 |
|
|
|a 173499
|
| 100 |
|
|
|a 20091228d2009 k y0rusy50 ca
|
| 101 |
0 |
|
|a rus
|
| 102 |
|
|
|a RU
|
| 105 |
|
|
|a a dm 001zy
|
| 135 |
|
|
|a drbn ---uucaa
|
| 181 |
|
0 |
|a i
|
| 182 |
|
0 |
|a b
|
| 200 |
1 |
|
|a Методика и технические средства визуализации распределения электрического импеданса головного мозга
|b Электронный ресурс
|e автореферат диссертации на соискание ученой степени кандидата технических наук
|e спец. 05.11.17
|f А. В. Фокин
|g Томский политехнический университет (ТПУ) ; науч. рук. Я. С. Пеккер
|
| 203 |
|
|
|a Текст
|c электронный
|
| 210 |
|
|
|a Томск
|d 2009
|
| 215 |
|
|
|a 1 файл (811 Kb)
|
| 230 |
|
|
|a Электронные текстовые данные (1 файл : 811 Kb)
|
| 300 |
|
|
|a Заглавие с титульного экрана
|
| 300 |
|
|
|a Электронная версия печатной публикации
|
| 337 |
|
|
|a Adobe Reader
|
| 452 |
|
1 |
|0 (RuTPU)RU\TPU\book\188992
|t Методика и технические средства визуализации распределения электрического импеданса головного мозга
|o автореферат диссертации на соискание ученой степени кандидата технических наук
|o спец. 05.11.17
|f А. В. Фокин
|g Томский политехнический университет (ТПУ) ; науч. рук. Я. С. Пеккер
|c Томск
|d 2009
|p 19 с.
|a Фокин, Александр Васильевич
|
| 606 |
1 |
|
|a Мозг головной
|x Физиология
|2 stltpush
|3 (RuTPU)RU\TPU\subj\44257
|9 63622
|
| 610 |
1 |
|
|a головной мозг
|
| 610 |
1 |
|
|a импеданс
|
| 610 |
1 |
|
|a биомедицинские исследования
|
| 610 |
1 |
|
|a технические средства
|
| 610 |
1 |
|
|a электрические свойства
|
| 610 |
1 |
|
|a математические модели
|
| 610 |
1 |
|
|a измерения
|
| 610 |
1 |
|
|a проводимость
|
| 610 |
1 |
|
|a распределение
|
| 610 |
1 |
|
|a биологические объекты
|
| 610 |
1 |
|
|a труды учёных ТПУ
|
| 610 |
1 |
|
|a авторефераты диссертаций
|
| 610 |
1 |
|
|a электронный ресурс
|
| 675 |
|
|
|a 612.82(04)
|v 3
|
| 675 |
|
|
|a 615.47(04)
|v 3
|
| 686 |
|
|
|a 05.11.17
|2 oksvnk
|
| 700 |
|
1 |
|a Фокин
|b А. В.
|c специалист в области медицинской электроники
|c ассистент Томского политехнического университета
|f 1982-
|g Александр Васильевич
|2 stltpush
|3 (RuTPU)RU\TPU\pers\25535
|
| 702 |
|
1 |
|a Пеккер
|b Я. С.
|g Яков Семенович
|4 727
|
| 712 |
0 |
2 |
|a Томский политехнический университет (ТПУ)
|c (1991- )
|2 stltpush
|3 (RuTPU)RU\TPU\col\376
|
| 801 |
|
1 |
|a RU
|b 63413507
|c 20091228
|
| 801 |
|
2 |
|a RU
|b 63413507
|c 20150602
|g RCR
|
| 856 |
4 |
|
|u http://www.lib.tpu.ru/fulltext/a/2009/90.pdf
|
| 942 |
|
|
|c CF
|